Joe and Will Phases - Statistics

General Stats
  • This quiz has been taken 17 times
  • The average score is 33 of 170
Answer Stats
Hint, Answer % Correct
, baseball
100%
, Tommy John
100%
, gay
80%
, surron
80%
, toothbrush
80%
, aj1
60%
, alien
60%
, basketball
60%
, geometry
60%
, hiking
60%
, za
60%
, christian
40%
, dog poop
40%
, drag
40%
, ellie dillon
40%
, fish
40%
, fishing
40%
, golf
40%
, hidden valley
40%
, jetski
40%
, lawsuit
40%
, leg jon
40%
, luka
40%
, mcl
40%
, morals
40%
, mtb
40%
, mt si
40%
, popeyes mac and cheese
40%
, radar
40%
, shrooms
40%
, skiing
40%
,, sleep maxing
40%
, snowboard
40%
, snqsf
40%
, ttr
40%
, yz
40%
, ablaj
20%
, anime
20%
, bassoon
20%
, bellevue club
20%
, bike life
20%
, bins
20%
, birkenstock
20%
, bleach
20%
, boxing
20%
, bushido
20%
, buzz cut
20%
, car meet
20%
, cbp
20%
,, chickfila
20%
, church
20%
, cologne
20%
, contacts
20%
, cooking
20%
, couch
20%
, cousin
20%
, csgo
20%
, deodorant
20%
, disstrack
20%
, emoji
20%
, Eric emmanuel
20%
, evil root beer
20%
, fashion
20%
, fed
20%
, ford maverick
20%
, fortnite
20%
, gartic phone
20%
, geek
20%
, gna
20%
, guitar
20%
, hand sanitizer
20%
, harmonica
20%
, instagram
20%
, jaerx
20%
, jasons goons
20%
, jeffery dahmer
20%
, job
20%
, lacrosse
20%
, lego
20%
, license
20%
, lighter
20%
, mall
20%
, monopoly
20%
, moral mobile
20%
, mr dorsey
20%
, mri
20%
, overalls
20%
, photography
20%
, pigeon breeding
20%
, poke
20%
, poker
20%
, protein powder
20%
, racist
20%
, ranger
20%
, red boots
20%
, roblox
20%
, saxophone
20%
, scooter
20%
, seattle
20%
,, set up
20%
, skateboard
20%
, snowmobile
20%
, sticky note
20%
,,, stretching
20%
, suncadia
20%
, swim
20%
, thrifting
20%
, unicycle
20%
, volkswagon golf
20%
, wrestling
20%
, wrrrrrr psy
20%
, wrx
20%
, zumdike
20%
,, Al hamud sherk
0%
, applebees
0%
, bar mitzva
0%
, biscoff
0%
, blind at night
0%
, booger
0%
, braces
0%
, brawl stars
0%
, bullying
0%
, cankles
0%
, carti
0%
,, chocolate
0%
, class office
0%
, decaden
0%
, dipping bagel in cream cheese
0%
, drake concert
0%
, drawing
0%
, dress to impress
0%
, duthie
0%
, ear wax
0%
, editing
0%
, fit check
0%
, freshmen
0%
, gap cam
0%
, gonyea
0%
, hamster
0%
, karin
0%
, khumbu ice fall
0%
, little birdy
0%
, lolliandpops
0%
, marching band
0%
, mt everest
0%
, nice pants joe
0%
, panera
0%
, party
0%
, paul
0%
, pogo stick
0%
, psychology
0%
, r6
0%
, rc car
0%
, red bull
0%
, sadie
0%
, safeway crash
0%
, shaving
0%
,, shop GLD
0%
, slurpee
0%
, speech
0%
, tiger mountain
0%
, tilamook cheese
0%
, wallet
0%
, wasting food
0%
, watch
0%
, whistler
0%
, will walk
0%
, wooden bat
0%
, young sasuke
0%
No matching quizzes found
Score Distribution
Percent of People with Each Score
Percentile by Number Answered
Your Score History
You have not taken this quiz